000 00648nam a2200217Ia 4500
999 _c36493
_d36493
003 GCL
005 20240530103044.0
008 140319s9999 xx 000 0 ara d
040 _aGCL /
_cGCL
082 0 4 _a967.73
_bع ص
100 1 _aعبدالمنعم عبدالحليم
245 1 0 _aصوماليا /
_cعبدالمنعم عبدالحليم
260 _a[S.N] :
_bمكتبة الشرق ،
_c1960
300 _a470 ص
490 _aالالف كتاب
_v0
650 0 4 _aالعصر الحديث
650 0 4 _aتاريخ
650 0 4 _aالاستعمار فى البلاد العربية
650 0 4 _aالصومال
942 _2ddc
_cBK